000 007110000a22001210004500
100 1 _aMontealegre Aguilar, Armando.
245 1 0 _aDidactica del lenguaje: la ortografía es puro cuento.
300 _ano.50 (may. - jun., 2011) p, 90-93
520 _aEl problema de las deficiencias en la ortografía es asunto de todos. Este campo de la gramática requiere la aplicación de nuevas formas de enseñar a escribir correctamente, dadas las caracteristicas del joven del siglo XXI; por consiguiente, el lenguaje debe ser visto no como algo aislado y memorístico sino ccomo una práctica social.
650 1 4 _aAPRENDIZAJE - ORTOGRAFÍA
773 0 _tRevista internacional magisterio : educación y ped
942 _cANA
999 _c63428
_d63428